000 00426nam a2200097Ia 4500
008 180130s9999 xx 000 0 und d
245 _cYamashita, Yoshihisa; Shibata, Yukie
_aAcid stress survival mechanisms of the cariogenic bacterium Streptococcus mutans
260 _c2015
300 _aBook title: Significant concept in global environmental change--Acession number C19421; pages 47-62
650 _aGLOBAL ENVIRONMENTAL CHANGE
999 _c354540
_d354540